| 000 | 01745nam0a2200445 4500 | ||
|---|---|---|---|
| 001 | RU\NLR\bibl\441589 | ||
| 005 | 20260406063631.0 | ||
| 010 |
_a5-9550-0183-2 _bВ пер. _95000 |
||
| 021 |
_aRU _b2003-33725 _91597 |
||
| 035 | _a(NLR Aleph) 000435317 | ||
| 090 |
_a780051 _c780051 |
||
| 100 | _a20030826d2003 |||y0rusy50 ca | ||
| 101 | 1 |
_arus _ceng |
|
| 102 |
_aRU _aUA |
||
| 105 | _aa ||||||||| | ||
| 200 | 1 |
_aБог никогда не опаздывает... и никогда не приходит раньше времени _eПомощь человечеству из другого измерения _e[Пер. с англ.] _fЙен Грэм и Белый Бык |
|
| 210 |
_aМ. _aСПб. _cСофия _aКиев _cСофия _d2003 |
||
| 215 |
_a206 с. _cил. _d17 |
||
| 225 | 1 | _aСерия "Беседы с Богом" | |
| 300 | _aНа обл. авт. не указан | ||
| 606 | 0 |
_aДуховные практики _92140377 _3RU\NLR\auth\661290122 |
|
| 606 | 0 |
_aВневероисповедные формы религии _91268093 _3RU\NLR\auth\66203869 |
|
| 610 | 0 | _aКосмизм (филос.) | |
| 610 | 0 | _aРелигиозная философия | |
| 675 |
_a279.12 _v3 _zrus |
||
| 686 |
_a21.15 _2rugasnti |
||
| 686 |
_a86.37 _2rubbk |
||
| 686 | _aЭ391,0 | ||
| 686 | _aЮ969 | ||
| 686 | _aЮ937.231 | ||
| 700 | 1 |
_4070 _7ca _8rus _aГрэм _cэзотерик _bЙ. _f1954- _gЙен _3RU\NLR\auth\7713594 _9123281 |
|
| 701 | 0 |
_4070 _7ca _8rus _aБелый Бык _cдух _3RU\NLR\AUTH\7713600 _9123287 |
|
| 801 | 0 |
_aRU _bRKP _c20030826 _gPSBO |
|
| 801 | 1 |
_aRU _bRKP _c20030826 |
|
| 801 | 2 |
_aRU _bNLR _c20031106 _grcr |
|
| 942 | _cBOOK | ||
| 980 | _aNB | ||